000 00279nam a22000977a 4500
082 _a400
245 _aLucent's सामान्‍य हिन्‍दी
260 _aपटना
_bLucent's प्रकाशन
_c2023
650 _aव्‍याकरण
942 _cHIN
999 _c65832
_d65832